History - European | 5 | 3 | 0 | 0 | 105 | 10 | 55.88 | 3 | 3 |
Literature - American | 1 | 5 | 0 | 0 | 65 | 60 | 92.83 | 0 | 0 |
History - Cross, Historiography, and Miscellaneous | 2 | 3 | 0 | 0 | 60 | 23 | 73.60 | 2 | 2 |
History - World | 3 | 1 | 0 | 0 | 55 | 27 | 48.50 | 1 | 3 |
History - American | 2 | 2 | 0 | 0 | 50 | 15 | 65.50 | 1 | 2 |
Literature - British | 1 | 3 | 0 | 0 | 45 | 39 | 68.75 | 0 | 0 |
RMP - World Mythology | 1 | 3 | 0 | 0 | 45 | 50 | 110.75 | 0 | 0 |
RMP - Greco-Roman Mythology | 1 | 2 | 0 | 0 | 35 | 66 | 87.67 | 0 | 0 |
Other - Other Academic and General Knowledge | 1 | 1 | 0 | 0 | 25 | 72 | 89.50 | 0 | 0 |
Fine Arts - Painting | 1 | 1 | 0 | 0 | 25 | 67 | 90.50 | 0 | 0 |
Current Events - World | 1 | 1 | 0 | 0 | 25 | 42 | 54.00 | 0 | 0 |
Current Events - U.S. | 1 | 0 | 0 | 0 | 15 | 53 | 53.00 | 0 | 0 |
Literature - European | 1 | 0 | 0 | 0 | 15 | 63 | 63.00 | 0 | 0 |
Literature - World and Miscellaneous | 1 | 0 | 0 | 0 | 15 | 76 | 76.00 | 0 | 0 |
RMP - Christian Practice | 1 | 0 | 0 | 0 | 15 | 29 | 29.00 | 0 | 1 |
RMP - Hinduism | 1 | 0 | 0 | 0 | 15 | 62 | 62.00 | 0 | 0 |
Science - Biology | 1 | 0 | 0 | 0 | 15 | 36 | 36.00 | 0 | 1 |
Fine Arts - Music | 0 | 1 | 0 | 0 | 10 | 101 | 101.00 | 0 | 0 |
Social Science - Economics | 0 | 1 | 0 | 0 | 10 | 80 | 80.00 | 0 | 0 |
RMP - Islam | 0 | 1 | 0 | 0 | 10 | 124 | 124.00 | 0 | 0 |
RMP - Philosophy | 0 | 1 | 0 | 0 | 10 | 105 | 105.00 | 0 | 0 |
Fine Arts - Ballet/Dance | 0 | 1 | 0 | 0 | 10 | 132 | 132.00 | 0 | 0 |
Social Science - Psychology | 0 | 1 | 0 | 0 | 10 | 76 | 76.00 | 0 | 0 |
Geography - World | 0 | 1 | 0 | 0 | 10 | 59 | 59.00 | 0 | 0 |
Science - Computer Science | 0 | 1 | 0 | 0 | 10 | 72 | 72.00 | 0 | 0 |
RMP - East Asian Religion | 0 | 1 | 0 | 0 | 10 | 134 | 134.00 | 0 | 0 |